The messianic legacy /

Bibliographic Details
Main Author: Baigent, Michael
Other Authors: Leigh, Richard, 1943-2007, Lincoln, Henry
Format: Book
Language:English
Published: New York : Holt, 1987
Edition:1st American ed.
Subjects:

MARC

Tag First Indicator Second Indicator Subfields
LEADER 00000cam a2200000 a 4500
001 in00000012786
005 20151210142320.0
008 870520r19871986nyuaf b 00110 eng
010 |a  87014832  
020 |a 0805005684 
035 |a (OCoLC)15860179 
035 |9 AAA5362AM 
040 |a DLC  |c DLC  |d TXA  |d UtOrBLW 
049 |a TXAM  |c [A11461931] 
050 0 0 |a BL475  |b .B3 1987 
082 0 |a 909  |2 19 
100 1 |a Baigent, Michael. 
245 1 4 |a The messianic legacy /  |c Michael Baigent, Richard Leigh, and Henry Lincoln. 
250 |a 1st American ed. 
264 1 |a New York :  |b Holt,  |c 1987 
264 4 |c ©1986 
300 |a xvi, 364 pages, 24 unnumbered pages of plates :  |b illustrations ;  |c 24 cm. 
336 |a text  |b txt  |2 rdacontent 
337 |a unmediated  |b n  |2 rdamedia 
338 |a volume  |b nc  |2 rdacarrier 
500 |a Reprint. Originally published: London : Cape, 1986. 
504 |a Bibliography: pages 327-334. 
500 |a Includes index. 
650 0 |a Messianism  |x History. 
610 2 0 |a Prieuré de Sion. 
700 1 |a Leigh, Richard,  |d 1943-2007. 
700 1 |a Lincoln, Henry. 
999 |a MARS 
999 f f |s 34fa605d-9d36-3589-8d33-a5d8e243531f  |i f0693707-4d24-3e10-a6dc-85aba495071f  |t 0 
952 f f |p normal  |a Texas A&M University  |b College Station  |c Sterling C. Evans Library  |d Evans: Library Stacks  |t 0  |e BL475 .B3 1987  |h Library of Congress classification  |i unmediated -- volume  |m A14811461931 
998 f f |a BL475 .B3 1987  |t 0  |l Evans: Library Stacks